000 00366nam a2200157Ia 4500
008 210210b1916 xxu||||| |||| 00| 0 eng d
041 _aeng
082 _a930/85
100 _aMYRES (P V N)
245 _aAncient history
260 _aBoston
_bGinn and Company.,
_c1916
650 _ahistory
650 _aAncient
690 _aAncient History
906 _a024996
999 _c150690
_d150690